Alternating current machines (Record no. 23298)

000 -LEADER
fixed length control field 00516nam a22001937a 4500
001 - CONTROL NUMBER
control field 23298
003 - CONTROL NUMBER IDENTIFIER
control field BD-DhUET
008 - FIXED-LENGTH DATA ELEMENTS--GENERAL INFORMATION
fixed length control field 150503b xxu||||| |||| 00| 0 eng d
040 ## - CATALOGING SOURCE
Original cataloging agency DLC
Transcribing agency DLC
Modifying agency BD-DhUET
082 ## - DEWEY DECIMAL CLASSIFICATION NUMBER
Classification number 623.133
Item number COT/1960
100 ## - MAIN ENTRY--PERSONAL NAME
Personal name Cotton, H.
245 ## - TITLE STATEMENT
Title Alternating current machines
250 ## - EDITION STATEMENT
Edition statement 2nd ed.
260 ## - PUBLICATION, DISTRIBUTION, ETC. (IMPRINT)
Place of publication, distribution, etc. London
Name of publisher, distributor, etc. Macmillan
Date of publication, distribution, etc. 1960
300 ## - PHYSICAL DESCRIPTION
Extent 328p.
Other physical details ill.
490 ## - SERIES STATEMENT
Series statement Cleaver-Hume electrical series, no. 4
650 #0 - SUBJECT ADDED ENTRY--TOPICAL TERM
Topical term or geographic name as entry element Alternating current : Electrical machinery
942 ## - ADDED ENTRY ELEMENTS (KOHA)
Koha item type General Book
Holdings
Koha full call number Damaged status Location (home branch) Shelving location Koha item type Koha normalized classification for sorting Date acquired Withdrawn status Copy number Price effective from Source of classification or shelving scheme Lost status Not for loan Piece designation (barcode) Sublocation or collection (holding branch) Koha date last seen
623.133/COT/1960 Central Library, BUETCirculation sectionGeneral Book623_133000000000000_COT_19602015-05-03 12015-05-03   22776Central Library, BUET2015-05-03
623.133/COT/1960 Central Library, BUETCirculation sectionGeneral Book623_133000000000000_COT_19602015-05-03 22015-05-03   22777Central Library, BUET2015-05-03
623.133/COT/1960 Central Library, BUETCirculation sectionGeneral Book623_133000000000000_COT_19602015-05-03 32015-05-03   22775Central Library, BUET2015-05-03
623.133/COT/1960 Central Library, BUETCirculation sectionGeneral Book623_133000000000000_COT_19602015-05-03 42015-05-03   22781Central Library, BUET2015-05-03
623.133/COT/1960 Central Library, BUETCirculation sectionGeneral Book623_133000000000000_COT_19602015-05-03 52015-05-03   22779Central Library, BUET2015-05-03
623.133/COT/1960 Central Library, BUETCirculation sectionGeneral Book623_133000000000000_COT_19602015-05-03 62015-05-03   22778Central Library, BUET2015-05-03
623.133/COT/1960 Central Library, BUETCirculation sectionGeneral Book623_133000000000000_COT_19602015-05-03 72015-05-03   22782Central Library, BUET2015-05-03
623.133/COT/1960 Central Library, BUETCirculation sectionGeneral Book623_133000000000000_COT_19602015-05-03 82015-05-03   22780Central Library, BUET2015-05-03
623.133/COT/1960 Central Library, BUETCirculation sectionGeneral Book623_133000000000000_COT_19602015-05-03 92015-05-03   22774Central Library, BUET2015-05-03
623.133/COT/1960 Central Library, BUETCirculation sectionGeneral Book623_133000000000000_COT_19602015-05-03 102015-05-03   22783Central Library, BUET2015-05-03